|
|
|
|
| LEADER |
00000cam a2200000 4500 |
| 001 |
vtls011987351 |
| 003 |
SK-MaSNL |
| 005 |
20260302023933.0 |
| 008 |
210624s2020 xo a g 000 0 slo |
| 015 |
|
|
|a SNBA2020/09
|
| 020 |
|
|
|a 9788057017387
|q (viazané)
|
| 035 |
|
|
|a urn:nbn:sk:snk-am00enl8
|
| 035 |
|
|
|a urn:nbn:sk:snk-am3iktw
|
| 035 |
|
|
|a D1DC521B-8510-4553-88AD-89D90BD77C0B
|
| 040 |
|
|
|a SNK
|b slo
|c SNK
|e rda
|
| 041 |
0 |
|
|a slo
|
| 044 |
|
|
|a xo
|c SK
|
| 072 |
|
7 |
|a 392
|x Zvyky, mravy, obyčaje v súkromnom živote
|2 konspekt
|
| 080 |
|
|
|a 316.346.32-053.2
|2 2011
|
| 080 |
|
|
|a (0.029.1)
|2 2011
|
| 080 |
|
|
|a (0:82-94)
|2 2011
|
| 080 |
|
|
|a (084.11)
|2 2011
|
| 080 |
|
|
|a 392.3
|2 2011
|
| 100 |
1 |
|
|a Šurinová, Veronika
|4 aut
|9 225353
|
| 245 |
1 |
0 |
|a Čauko kakauko
|b každý krok je môj príbeh
|c Veronika Šurinová
|
| 250 |
|
|
|a Prvé vydanie
|
| 264 |
|
1 |
|a [Trnava]
|b [Veronika Šurinová]
|c 2020
|
| 300 |
|
|
|a 70 nečíslovaných strán
|b ilustrácie
|c 26 x 31 cm
|
| 336 |
|
|
|a text
|b txt
|2 rdacontent
|
| 336 |
|
|
|a statický obraz
|b sti
|2 rdacontent
|
| 337 |
|
|
|a bez média
|b n
|2 rdamedia
|
| 338 |
|
|
|a zväzok
|b nc
|2 rdacarrier
|
| 500 |
|
|
|a Vydavateľské údaje podľa NA ISBN
|
| 650 |
0 |
7 |
|a deti
|2 SNKPH
|9 773
|
| 650 |
0 |
7 |
|a Children
|2 SNKPHeng
|9 274282
|
| 650 |
0 |
7 |
|a rodina
|2 SNKPH
|9 4138
|
| 650 |
0 |
7 |
|a Family
|2 SNKPHeng
|9 267890
|
| 650 |
0 |
7 |
|a rodinný život
|2 SNKPH
|9 71361
|
| 655 |
|
7 |
|a zápisníky
|2 SNKPH
|9 90342
|
| 655 |
|
7 |
|a Diaries
|2 SNKPHeng
|9 268541
|
| 655 |
|
7 |
|a spomienky
|2 SNKPH
|9 29509
|
| 655 |
|
7 |
|a Reminiscences
|2 SNKPHeng
|9 93477
|
| 655 |
|
7 |
|a obrazové publikácie
|2 SNKPH
|9 70343
|
| 655 |
|
7 |
|a Pictorial works
|2 SNKPHeng
|9 284468
|
| 852 |
|
|
|a Slovenská národná knižnica
|
| 919 |
|
|
|a 978-80-570-1738-7
|
| 954 |
|
|
|a ilustrované knihy, leporelá, komiksy pôvodné (slovenské)
|2 lita
|
| 999 |
|
|
|c 1038539
|d 1040469
|
| 952 |
|
|
|a SNK
|b SNK
|y PREZ
|7 0
|p 17A1429712
|o snkSB 95779
|i snk2020/14362
|8 0
|0 0
|1 0
|4 0
|d 2020-08-14
|f 1
|l 0
|r 2025-05-19 00:00:00
|w 2026-02-24
|
| 952 |
|
|
|a SNK
|b SNK
|y VYP
|7 0
|p 17A1429713
|o snkSB 95779 D1
|i snk2020/14363
|8 0
|0 0
|1 0
|4 0
|d 2020-08-14
|l 0
|r 2026-02-24 14:16:06
|w 2026-02-24
|